Complete business statistics (Record no. 252436)

MARC details
000 -LEADER
fixed length control field 00587nam a2200205Ia 4500
008 - FIXED-LENGTH DATA ELEMENTS--GENERAL INFORMATION
fixed length control field 191130s2008##################000#0#eng##
020 ## - INTERNATIONAL STANDARD BOOK NUMBER
ISBN 9780071284936
082 ## - DEWEY DECIMAL CLASSIFICATION NUMBER
Classification number 650.015195 ACZ
100 ## - MAIN ENTRY--AUTHOR NAME
Personal name Aczel, Amir D
245 ## - TITLE STATEMENT
Title Complete business statistics
Statement of responsibility, etc Amir D.Aczel, Jayavel Sounderpandian
250 ## - EDITION STATEMENT
Edition statement 7th ed
260 ## - PUBLICATION, DISTRIBUTION, ETC. (IMPRINT)
Place of publication New Delhi
Name of publisher Tata McGraw-Hill Publishing Company
Year of publication 2008
300 ## - PHYSICAL DESCRIPTION
Number of Pages 804p.
650 ## - SUBJECT ADDED ENTRY--TOPICAL TERM
Topical Term Mathematics
700 ## - ADDED ENTRY--PERSONAL NAME
Personal name Sounderapandian, Jayavel
991 ## -
-- 359254
Holdings
Withdrawn status Lost status Damaged status Not for loan Home library Current library Shelving location Date acquired Full call number Accession Number Price effective from Koha item type
        Anna Centenary Library Anna Centenary Library 6TH FLOOR, A WING 13.10.2020 650.015195 ACZ 254131 13.10.2020 English Books

Find us on the map